আফ্রিকার দিনরাত্রি /

Detaylı Bibliyografya
Yazar: চৌধুরী, আফসান
Diğer Yazarlar: ঘোষ, সঞ্জয়
Materyal Türü: Kitap
Dil:Bengali
Baskı/Yayın Bilgisi: ঢাকা : প্রসিদ্ধ পাবলিশার্স, ২০২৫ মুদ্রণ.
Konular:
Classic Catalogue: View this record in Classic Catalogue
LEADER 01497nam a22002897a 4500
001 44978
003 BD-DhAAL
005 20251026113948.0
008 251026t2025 bg a|||| |||| 00| 0 ben d
020 |a 9789849947752 (hardcover) 
040 |a BD-DhAAL  |c BD-DhAAL 
041 |a ben 
082 |a 916.04328 
100 |a চৌধুরী, আফসান.  |9 55606 
245 |a আফ্রিকার দিনরাত্রি /  |c আফসান চৌধুরী ; সম্পাদক, সঞ্জয় ঘোষ. 
246 3 1 |a Africar dinratri 
260 |a ঢাকা :  |b প্রসিদ্ধ পাবলিশার্স,  |c ২০২৫ মুদ্রণ. 
300 |a ১১৬ পৃষ্ঠা ;  |c ১৯ সে.মি. 
526 |a ENH  |x Sabreena Ahmed, PhD Associate Professor Department of English and Humanities BRAC University Course Name : N/A 
541 |a Karim International  |e 44978 
651 |a Africa  |x Description and travel.  |9 54067 
651 |a Africa  |x Social life and customs.  |9 8667 
700 |a ঘোষ, সঞ্জয়.  |9 59724 
852 |a Ayesha Abed Library  |c General Stacks 
942 |c BK  |2 ddc 
999 |c 47605  |d 47605 
952 |0 0  |1 0  |2 ddc  |4 0  |6 916_043280000000000_CHO  |7 0  |9 78395  |a BRACUL  |b BRACUL  |c NEW  |d 2025-10-21  |e Karim International  |g 270.00  |l 2  |m 12  |o 916.04328 CHO  |p 3010044978  |q 2026-06-02  |r 2026-05-10  |s 2026-05-10  |t 1  |v 540.00  |w 2025-10-21  |y BK  |x Requisitioned by Sabreena Ahmed (Associate Professor, Department of English and Humanities, BRAC University).